000 00539nam a2200205Ia 4500
005 20250425162749.0
008 250425s9999 xx 000 0 und d
041 _aeng
082 _a424
110 _aENGLISH LANGUAGE SERVICES
245 0 _aENGINEERING: CIVIL AND MECHANICAL ENGINEERING BOOK 1
250 _a4TH ED.
260 _aEstados Unidos
_bCOLLIER MACMILLAN INTERNATIONAL
_c1966
260 _aNEW YORK
300 _a125
650 _aINGENIERIA ELECTRICA
650 _aINGLES TECNICO
942 _c01
010 _a106588
999 _c235942
_d235942